Médula del sistema de Krause ó cuadros de las categorías, segun este autor / (Record no. 177968)

MARC details
000 -LEADER
campo de control de longitud fija 00888namaa22002291 4500
001 - NÚMERO DE CONTROL
campo de control 177968
003 - IDENTIFICADOR DE NÚMERO DE CONTROL
campo de control ES-MaACL
005 - FECHA Y HORA DE LA ÚLTIMA TRANSACCIÓN
campo de control 20230906220446.0
008 - DATOS DE LONGITUD FIJA--INFORMACIÓN GENERAL
campo de control de longitud fija 110510s1874 sp |||| | spa d
080 ## - NÚMERO DE LA CLASIFICACIÓN DECIMAL UNIVERSAL
Número de la Clasificación Decimal Universal 1 Krause, Karl Christian Friedrich
080 ## - NÚMERO DE LA CLASIFICACIÓN DECIMAL UNIVERSAL
Número de la Clasificación Decimal Universal 16
100 1# - ENTRADA PRINCIPAL--NOMBRE DE PERSONA
Nombre de persona Tiberghien, Guillaume.
9 (RLIN) 110206
245 10 - MENCIÓN DEL TÍTULO
Título Médula del sistema de Krause ó cuadros de las categorías, segun este autor /
Mención de responsabilidad, etc. comentado por G. Tiberghien ; versión castellana de M. L.
260 ## - PUBLICACIÓN, DISTRIBUCIÓN, ETC.
Lugar de publicación, distribución, etc. Madrid :
Nombre del editor, distribuidor, etc. [s.n.],
Fecha de publicación, distribución, etc. 1874 (
Fabricante Imp. de Antonio Querol y Pedro García)
300 ## - DESCRIPCIÓN FÍSICA
Extensión 20 p. ;
Dimensiones 18 cm.
490 1# - MENCIÓN DE SERIE
Mención de serie Biblioteca de ciencias morales y políticas
600 14 - PUNTO DE ACCESO ADICIONAL DE MATERIA--NOMBRE DE PERSONA
Nombre de persona Krause, Karl Christian Friedrich.
9 (RLIN) 68762
650 #4 - PUNTO DE ACCESO ADICIONAL DE MATERIA--TÉRMINO DE MATERIA
Término de materia o nombre geográfico como elemento de entrada Lógica.
9 (RLIN) 14693
830 0# - PUNTO DE ACCESO ADICIONAL DE SERIE-TÍTULO UNIFORME
Título uniforme Biblioteca de ciencias morales y políticas
9 (RLIN) 224234
852 ## - LOCALIZACIÓN
Ubicación ES-MaACL
Número de control de estantería D-4706(2)
Nota libre .- Encuadernado con otras obras
Holdings
Estatus retirado Estado de pérdida Estado de daño No para préstamo Colección Biblioteca de origen Biblioteca actual Ubicación en estantería Fecha de adquisición Fuente de adquisición Total de préstamos Signatura topográfica completa Código de barras Visto por última vez Precio de reemplazo Tipo de ítem Koha
        Libros del s. XIX Biblioteca del Ateneo de Madrid Biblioteca del Ateneo de Madrid Sala Valle Inclán 10/05/2011     D-4706(2) 901186959 23/02/2023 23/02/2023 Libro impreso antiguo